Statistics for U.S. Slave States On A Map

Click here to take the quiz!

General Stats

  • This quiz has been taken 365 times
  • The average score is 15 of 15

Answers on the Map

Answers color-coded by a green-red scale on the quiz's map according to % correct below.
 

Answer Stats

Answer% Correct
Florida
100%
Alabama
99%
Louisiana
99%
Texas
99%
Virginia
99%
Georgia
98%
Kentucky
98%
Mississippi
98%
North Carolina
98%
South Carolina
98%
Tennessee
97%
Arkansas
96%
Missouri
94%
Maryland
92%
Delaware
88%

Score Distribution

Percentile by Number Answered

Percent of People with Each Score

Your Score History

You have not taken this quiz